Normal view
MARC view
- Nasser
Entry Topical Term
001 - CONTROL NUMBER
- control field: 112091
003 - CONTROL NUMBER IDENTIFIER
- control field: NUST
005 - DATE AND TIME OF LATEST TRANSACTION
- control field: 20230504103933.0
008 - FIXED-LENGTH DATA ELEMENTS
- fixed length control field: 230504|| aca||aabn | a|a d
040 ## - CATALOGING SOURCE
- Original cataloging agency: NUST
- Transcribing agency: NUST
150 ## - HEADING--TOPICAL TERM
- Topical term or geographic name entry element: Nasser
670 ## - SOURCE DATA FOUND
- Source citation: Work cat.: (NUST)187605: joesten,Joachim 112090, Nasser:
